Word Ladder: Muck Man Quiz Stats

 Plays Quiz Updated Sep 24, 2015

Challenge
Share
Tweet
Embed
Score 0/9 Timer 01:00
0 Plays Today
Hint Answer % Correct
Effect of spit polishingSHINE
91.4%
Belonging to theeTHINE
86.6%
Addams Family box inhabitantTHING
79.5%
British countySHIRE
77.6%
Investment unitSHARE
75.4%
Okefenokee or EvergladesSWAMP
74.1%
RascalSCAMP
64.7%
SHARP
59.3%
Very steep slopeSCARP
45.8%

Today's Daily Dose

Missing Word
Biopics

Word Ladder
Food Idioms

Quick Pick
Diets

On This Day
December 18th II

You're not logged in!

Compare scores with friends on all Sporcle quizzes.
OR
Log In

You Might Also Like...

Show Comments

Extras

Top Quizzes Today


Score Distribution

Your Account Isn't Verified!

In order to create a playlist on Sporcle, you need to verify the email address you used during registration. Go to your Sporcle Settings to finish the process.

Report this User

Report this user for behavior that violates our Community Guidelines.

Details: